| 000 | 00856nam a22002651 4500 | ||
|---|---|---|---|
| 001 | 35985 | ||
| 003 | BD-RjUL | ||
| 005 | 20211209052420.0 | ||
| 008 | 160718s1960 enk b 001 0 eng d | ||
| 035 | _a(BD-RjUL)36082 | ||
| 035 | _a(OCoLC)497433 | ||
| 040 |
_aDLC _cODaWU _dOCoLC _dUk _dDLC _dBD-RjUL _beng |
||
| 041 | _aeng | ||
| 082 | 0 | 0 |
_a320.938 _bBAG 1960 |
| 100 | 1 |
_aBarker, Ernest, _d1874-1960. _95429 |
|
| 245 | 1 | 0 |
_aGreek political theory : _bPlato and his predecessors / _cErnest Barker. |
| 260 |
_aLondon ; _bMethuen, _aNew York : _bBarnes & Noble, _c1960. |
||
| 300 |
_axii, 468 p. ; _c21 cm. |
||
| 490 | 0 |
_aUniversity paperbacks, _vUP-3 |
|
| 504 | _aIncludes bibliographical references and index. | ||
| 600 | 0 | 0 |
_aPlato. _9136606 |
| 650 | 0 |
_aPolitical science _zGreece _xHistory. _955252 |
|
| 942 |
_2ddc _cBK _01 |
||
| 999 |
_c35985 _d35985 |
||